000
00280nam a2200145Ia 4500
100
_a
ad
942
_c
BK
366
_f
20
654
_a
crptography
245
_a
A classical introduction to cryptography
260
_b
tt
082
_a
5.82
546
_a
ENGLISH
999
_c
24220
_d
24220